<?xml version="1.0" encoding="UTF-8"?>
<record
    xmlns:xsi="http://www.w3.org/2001/XMLSchema-instance"
    xsi:schemaLocation="http://www.loc.gov/MARC21/slim http://www.loc.gov/standards/marcxml/schema/MARC21slim.xsd"
    xmlns="http://www.loc.gov/MARC21/slim">

  <leader>01116nam a2200325   4500</leader>
  <controlfield tag="003">OSt</controlfield>
  <controlfield tag="005">20260530113845.0</controlfield>
  <controlfield tag="008">260506b2009    cc ||||| |||| 00| 0 spa d</controlfield>
  <datafield tag="020" ind1=" " ind2=" ">
    <subfield code="a">9789685616188</subfield>
  </datafield>
  <datafield tag="040" ind1=" " ind2=" ">
    <subfield code="a">ICI</subfield>
    <subfield code="b">SPA</subfield>
    <subfield code="c">ICI</subfield>
  </datafield>
  <datafield tag="041" ind1=" " ind2=" ">
    <subfield code="a">SPA</subfield>
  </datafield>
  <datafield tag="050" ind1=" " ind2=" ">
    <subfield code="a"> NK5440.D75</subfield>
    <subfield code="b">K73</subfield>
  </datafield>
  <datafield tag="100" ind1="1" ind2=" ">
    <subfield code="a">Kramer, Michael, </subfield>
    <subfield code="e">autor</subfield>
    <subfield code="9">10639</subfield>
  </datafield>
  <datafield tag="245" ind1="1" ind2="0">
    <subfield code="a">13 vasos = 13 glasses /</subfield>
    <subfield code="c"> [textos de Michael Kramer, H&#xE9;ctor Rivero Borell, Julia Cooke, Javier Barreiro Cavestany]</subfield>
  </datafield>
  <datafield tag="246" ind1="3" ind2=" ">
    <subfield code="a">13 glasses</subfield>
  </datafield>
  <datafield tag="246" ind1="3" ind2=" ">
    <subfield code="a">Trece vasos</subfield>
  </datafield>
  <datafield tag="246" ind1="3" ind2=" ">
    <subfield code="a">Thirteen glasses</subfield>
  </datafield>
  <datafield tag="264" ind1=" " ind2="1">
    <subfield code="a">M&#xE9;xico, D.F. : </subfield>
    <subfield code="b">Arquine,</subfield>
    <subfield code="c">2009</subfield>
  </datafield>
  <datafield tag="300" ind1=" " ind2=" ">
    <subfield code="a">152 p&#xE1;ginas : </subfield>
    <subfield code="b">ilustraciones a color</subfield>
  </datafield>
  <datafield tag="336" ind1=" " ind2=" ">
    <subfield code="a">texto</subfield>
    <subfield code="2">rdacontent</subfield>
  </datafield>
  <datafield tag="337" ind1=" " ind2=" ">
    <subfield code="a">sin medio</subfield>
    <subfield code="2">rdamedia</subfield>
  </datafield>
  <datafield tag="338" ind1=" " ind2=" ">
    <subfield code="a">volumen</subfield>
    <subfield code="2">rdacarrier</subfield>
  </datafield>
  <datafield tag="500" ind1=" " ind2=" ">
    <subfield code="a">Texto en ingl&#xE9;s y espa&#xF1;ol</subfield>
  </datafield>
  <datafield tag="650" ind1=" " ind2=" ">
    <subfield code="a">Vasos para beber</subfield>
    <subfield code="x"> Historia |y Siglo XXI</subfield>
    <subfield code="z">M&#xE9;xico</subfield>
    <subfield code="9">30610</subfield>
  </datafield>
  <datafield tag="650" ind1=" " ind2=" ">
    <subfield code="a">Cristaler&#xED;a</subfield>
    <subfield code="x">Historia |y Siglo XXI</subfield>
    <subfield code="z">M&#xE9;xico</subfield>
    <subfield code="9">30611</subfield>
  </datafield>
  <datafield tag="700" ind1=" " ind2=" ">
    <subfield code="a"> Rivero Borrell M., Hector, </subfield>
    <subfield code="e">autor</subfield>
    <subfield code="9">9097</subfield>
  </datafield>
  <datafield tag="700" ind1="1" ind2=" ">
    <subfield code="a"> Cooke, Julia,</subfield>
    <subfield code="e"> autor</subfield>
    <subfield code="9">30612</subfield>
  </datafield>
  <datafield tag="700" ind1="1" ind2=" ">
    <subfield code="a"> Barreiro, Javier, </subfield>
    <subfield code="d">1959</subfield>
    <subfield code="e">autor</subfield>
    <subfield code="9">30613</subfield>
  </datafield>
  <datafield tag="942" ind1=" " ind2=" ">
    <subfield code="2">lcc</subfield>
    <subfield code="c">BK</subfield>
    <subfield code="n">1</subfield>
  </datafield>
  <datafield tag="999" ind1=" " ind2=" ">
    <subfield code="c">11252</subfield>
    <subfield code="d">11252</subfield>
  </datafield>
</record>
